Comuni più alti d'Italia - Statistics

Statistiche generali
  • Questo quiz è stato fatto 50 volte
  • Il punteggio medio è 3 su 10
Statistiche sulle risposte
Posizione Comune Provincia Altitudine s.l.m. N° abitanti % Corretto
3 Livigno SO 1.816 6.802
81%
1 Sestriere TO 2.035 907
69%
2 Chamois AO 1.816 108
28%
6 Ayas AO 1.699 1.368
22%
4 Claviere TO 1.760 211
19%
8 Valgrisenche AO 1.664 188
17%
7 Argentera CN 1.684 80
14%
5 Rhemes-Notre-Dame AO 1.725 76
14%
10 Elva CN 1.637 77
11%
9 La Magdeleine AO 1.644 100
3%
Nessun quiz corrispondente trovato
Distribuzione punteggi
Percentuale di utenti per punteggio
Percentile per numero di risposta
I tuoi punteggi nel tempo
Non hai fatto questo quiz